LEADER 01311nam a2200289 u 4500 001 000000030063 003 CaOOAMICUS 005 20070226112003.0 008 970904s1987 it u000 u ita u 035 $a10768458 040 $aPUL(R)$bita 100 1 $aAlonso-Schokel, Luis,$cS.I.,$d1920-1998.$0(OLS)http://pul/name/5079 245 13$aLa parola ispirata :$bLa Bibbia alla luce della scienza del linguaggio /$cLuis Alonso Schökel ; [Traduzione italiana di Luigi Previale]. 250 $a2. ed. riv. e augm. 260 $aBrescia :$bPaideia,$c[c1987] 300 $a433 p. ;$c21 cm 490 1 $aBiblioteca di cultura religiosa ;$v7 630 04$aBiblia.$lItaliano$xIspirazione.$0(OLS)http://pul/subject/14462 700 1 $aPreviale, Luigi.$0(OLS)http://pul/name/24288 830 0$aBiblioteca di cultura religiosa (Paideia) ;$v7.$0(OLS)http://pul/title/98 850 $aPUL 852 $aPUL$W1$xSL Religione 1$y3$m1 A 50$j8401$nBK-PRI$b $qStampati$B41557$CPULBib$Z2$F41557 $H $81 900 $aSchökel, Luis Alonso,$cS.I.,$d1920-1998$95079 941 1 $a8 961 $aINV: 65274 996 $6245$aLa parola ispirata :$bLa Bibbia alla luce della scienza del linguaggio$9(OLS)http://pul/title/32760 996 $6260$aBrescia :$bPaideia$9(OLS)http://pul/publisher/47884 LEADER 01593nam a2200313 a 4500 001 000000175855 003 CaOOAMICUS 005 20230405112625.0 008 230405t2022 it ho 000 0 ita r 020 $z979-12-5508-004-6* 032 $aLibriCat 040 $aPUL$bita 082 04$a268.4 100 0 $aAloisius Orione, $bs.,$d1872-1940.$0(OLS)http://pul/name/88217 245 12$aL'educazione cristiana della gioventù :$bedizione critica della lettera di San Luigi Orione sul metodo educativo cristiano-paterno / $c[Luigi Orione] ; introduzione e note a cura di Fernando H. Fornerod fdp. 260 $aGorle (Bg) :$bVelar,$c©2022. 300 $a135 p. :$bfacs.,fotogr. ;$c21 cm$e 500 $aIn testa al frontespizio: Piccola opera della Divina Provvidenza, direzione generale. 650 4$aGiovani ed educazione religiosa.$0(OLS)http://pul/subject/28132 700 1 $aFornerod, Fernando Héctor,$cF.D.P.,$d1965-$0(OLS)http://pul/name/70999 850 $aPUL 852 $aPUL$W1$xSL Religione 3$y85$m268.4 ORILU 1$j200017$qDDC 21$B204800$CPULBib$Z2$F204800 $H136211 $82 900 $aOrione, Luigi,$cs.$d1872-1940$988217 941 1 $a9 996 $6020$z979-12-5508-004-6*$9(OLS)http://pul/number/169105 996 $6082$a268.4$9(OLS)http://pul/classification/1854 996 $6245$aL'educazione cristiana della gioventù :$bedizione critica della lettera di San Luigi Orione sul metodo educativo cristiano-paterno / $9(OLS)http://pul/title/217326 996 $6260$aGorle (Bg) :$bVelar$9(OLS)http://pul/publisher/81239